|
|
|
|
| LEADER |
00000nam0a2200000 4500 |
| 001 |
325868 |
| 005 |
20231102003814.0 |
| 035 |
|
|
|a (RuTPU)RU\TPU\book\351484
|
| 090 |
|
|
|a 325868
|
| 100 |
|
|
|a 20161214d1969 m y0rusy50 ca
|
| 101 |
0 |
|
|a rus
|
| 102 |
|
|
|a RU
|
| 105 |
|
|
|a a j 001zy
|
| 200 |
1 |
|
|a Основы авиационной автоматики
|e учебное пособие
|f И. И. Кринецкий
|
| 210 |
|
|
|a Москва
|c Машиностроение
|d 1969
|
| 215 |
|
|
|a 404 с.
|c ил.
|
| 320 |
|
|
|a Библиогр.: с. 402
|
| 606 |
1 |
|
|a Авиационная автоматика
|x Микромашины индукционные
|2 stltpush
|3 (RuTPU)RU\TPU\subj\118
|9 29149
|
| 610 |
1 |
|
|a системы автоматического управления
|
| 610 |
1 |
|
|a классификация
|
| 610 |
1 |
|
|a автоматическое регулирование
|
| 610 |
1 |
|
|a динамика
|
| 610 |
1 |
|
|a нелинейные системы
|
| 610 |
1 |
|
|a силовые установки
|
| 610 |
1 |
|
|a турбовинтовые авиадвигатели
|
| 610 |
1 |
|
|a пилотажно-навигационные устройства
|
| 610 |
1 |
|
|a высотные системы
|
| 610 |
1 |
|
|a обслуживание
|
| 610 |
1 |
|
|a ремонт
|
| 610 |
1 |
|
|a учебные пособия
|
| 675 |
|
|
|a 629.73.06(075.8)
|v 4
|
| 700 |
|
1 |
|a Кринецкий
|b И. И.
|g Иван Иванович
|
| 801 |
|
1 |
|a RU
|b 63413507
|c 20161214
|
| 801 |
|
2 |
|a RU
|b 63413507
|c 20230124
|g RCR
|
| 942 |
|
|
|c BK
|